000 00351nam a2200097Ia 4500
008 220120s9999||||xx |||||||||||||| ||und||
100 _aDarshini, Akshatha Nagraj, Cauvery, Darshini
_912458
245 0 _aAutomatic density based traffic control system
260 _aCoorg Institute of Technology
_bPonnampet
_c2013
650 _aELECTRONICS AND COMMUNICATIONS
999 _c138045
_d138045